| 000 | 01762cam a22005054a 4500 | ||
|---|---|---|---|
| 001 | 459604 | ||
| 003 | GBCCL | ||
| 005 | 20241126110351.0 | ||
| 008 | 000627m20032004cou 000 0 eng | ||
| 010 |
_a 00043561 _z 2003277222 |
||
| 020 |
_a0781435315 _q(v. 1) |
||
| 020 |
_a9780781435314 _q(v. 1) |
||
| 020 |
_a0781434815 _q(v. 2) |
||
| 020 |
_a9780781434812 _q(v. 2) |
||
| 020 |
_a0781435307 _q(v. 3) |
||
| 020 |
_a9780781435307 _q(v. 3) |
||
| 020 |
_a0781440734 _q(v. 4) |
||
| 020 |
_a9780781440738 _q(v. 4) |
||
| 020 | _a0896936597 | ||
| 020 | _a9780896936591 | ||
| 020 |
_a1564760308 _q(v. 5 : _q[NT v. 1]) |
||
| 020 |
_a9781564760302 _q(v. 5 : _q[NT v. 1]) |
||
| 020 |
_a1564760316 _q(v. 6 : _q[NT v. 2]) |
||
| 020 |
_a9781564760319 _q(v. 6 : _q[NT v. 2]) |
||
| 035 | _a(OCoLC)ocm44594012 | ||
| 035 | _a(OCoLC)44594012 | ||
| 040 |
_aDLC _beng _cDLC _dIMC _dBAKER _dBTCTA _dYDXCP _dIG# _dBDX _dOCLCQ _dOCLCO _dOCLCF _dP4I _dOCLCA _dOCLCQ _dLBB |
||
| 042 | _apcc | ||
| 049 |
_aLBBK _v1-4 |
||
| 050 | 0 | 0 |
_aBS1151.2 _b.W545 2003 |
| 082 | 0 | 0 |
_a220.7 _221 _bWIE |
| 100 | 1 |
_aWiersbe, Warren W. _9623 |
|
| 245 | 1 | 4 |
_aThe Bible exposition commentary / _cWarren W. Wiersbe. |
| 260 |
_aSecunderabad : _bAuthentic, _c2005. |
||
| 300 |
_avolumes <1-5> ; _c24 cm |
||
| 336 |
_atext _btxt _2rdacontent |
||
| 337 |
_aunmediated _bn _2rdamedia |
||
| 338 |
_avolume _bnc _2rdacarrier |
||
| 500 | _aThe Old Testament Be series comprised of 4 vols. | ||
| 505 | 0 | _a1. The Pentateuch -- 2. History -- 3. Wisdom and poetry -- 4. Prophets -- 5-6. New Testament. | |
| 630 | 0 | 0 |
_aBible. _pOld Testament _vCommentaries. _91750 |
| 630 | 0 | 7 |
_aBible. _pOld Testament. _2fast _0(OCoLC)fst01808092 _91751 |
| 655 | 7 |
_aCommentaries. _2fast _0(OCoLC)fst01423723 _9875 |
|
| 942 |
_2ddc _cREF |
||
| 999 |
_c1024 _d1024 |
||